000 00277nam a2200121Ia 4500
008 191201s2014 xx 000 0 und d
100 _aDHAMDHERE, D.M.
245 0 _aSystems Programming
260 _aN. delhi
_bTMH
_c2014
300 _a539
650 _aMCA
942 _2ddc
_cBK
_01
999 _c6222
_d6222